| 000 | 00832nam a2200229Ia 4500 | ||
|---|---|---|---|
| 005 | 20250108124902.0 | ||
| 008 | 008 250107s9999 xx 000 0 hin d | ||
| 020 | _a978-93-82662-66-2 | ||
| 037 | _aTB | ||
| 040 |
_aCRL _bhin _cCRL |
||
| 041 |
_ahin _2hin |
||
| 084 | _aW.281 Q6 | ||
| 084 | _qCRL | ||
| 100 |
_aअंशुमान, प्रवीण कुमार, ले. _9159273 |
||
| 245 | 0 |
_aशब्द - दर्शन: मुक्तिपथ का अज्ञात शिखर _cअंशुमान, प्रवीण कुमार, ले. |
|
| 260 |
_aनई दिल्ली, भारत _bऑथर प्रैस _c2550 |
||
| 300 | _a125पृ0 | ||
| 365 |
_aINR _b210 |
||
| 650 | _aदर्शनशास्त्र | ||
| 942 |
_cTB _hW.281 Q6 |
||
| 999 |
_c1234938 _d1234938 |
||